Nuclear magnetic resonance. V 5 (Record no. 34780)

MARC details
000 -LEADER
fixed length control field 00297nam a2200109Ia 4500
082 ## - DEWEY DECIMAL CLASSIFICATION NUMBER
Classification number 543.422.25
Item number NUC
245 #0 - TITLE STATEMENT
Title Nuclear magnetic resonance. V 5
260 ## - PUBLICATION, DISTRIBUTION, ETC. (IMPRINT)
Place of publication London
Name of publisher Chemical Society
Year of publication 1976
650 ## - SUBJECT ADDED ENTRY--TOPICAL TERM
Topical Term Nuclear magnetic resonance
942 ## - ADDED ENTRY ELEMENTS (KOHA)
Koha item type Books
Holdings
Withdrawn status Lost status Damaged status Not for loan Home library Current library Date acquired Cost, normal purchase price Full call number Accession Number Koha item type
        RRII Library RRII Library 16/12/2021 24.00 543.422.25 NUC 15207 Books